000 00628nam a2200241 a 4500
003 AR-BaBNM
005 20251128202912.0
008 082120s2002 ||||||||||||||000 | spa||
040 _cAR-BaBNM
100 1 _aMadariaga, Salvador de
245 0 0 _aVida del muy magnífico señor don Cristóbal Colón
260 _aBuenos Aires
_bSudamericana
_c1940
300 _a657 p.
_bmapas, il.
600 1 4 _aColón, Cristóbal
650 4 _aBIOGRAFIAS
650 4 _aHISTORIA
651 4 _aEspaña
651 4 _aAmérica Latina
653 _aDESCUBRIMIENTO DE AMERICA
655 _aBIOGRAFIAS
942 _cBK
998 _cEnrique
999 _c1119
_d1119